AH International Schools' Libraries

Contemporary Asian favourites / (Record no. 50358)

MARC details
000 -LEADER
fixed length control field 00363nam a2200121 4500
020 ## - INTERNATIONAL STANDARD BOOK NUMBER
International Standard Book Number 9780794606404
100 ## - MAIN ENTRY--PERSONAL NAME
Personal name Rajah, Carol Selva.
9 (RLIN) 87317
245 ## - TITLE STATEMENT
Title Contemporary Asian favourites /
Statement of responsibility, etc Carol Selva Rajah.
260 ## - PUBLICATION, DISTRIBUTION, ETC. (IMPRINT)
Place of publication, distribution, etc Singapore:
Name of publisher, distributor, etc Periplus Edition;
Date of publication, distribution, etc 2011.
300 ## - PHYSICAL DESCRIPTION
Extent 64 p.
Other physical details col. pic.
Dimensions 20 cm.
490 ## - SERIES STATEMENT
Series statement Periplus Mini Cookbooks;
942 ## - ADDED ENTRY ELEMENTS (KOHA)
Source of classification or shelving scheme
Koha item type NON FIC SECTION
Holdings
Withdrawn status Lost status Source of classification or shelving scheme Damaged status Not for loan Collection code Home library Current library Date acquired Total Checkouts Full call number Barcode Date last seen Price effective from Koha item type
          Non-Fiction Asian Hope Secondary Library Asian Hope Secondary Library 04/03/2026   641 RAJ 210895 04/03/2026 04/03/2026 NON FIC SECTION

For any Logos Library related questions please contact Miss Art at swongnarasuk@asianhope.org.

For any Asian Hope Library related questions please contact Miss Raza at graza@asianhope.org.

Powered by Koha